Estadísticas educativas en América Latina y el caribe: informe de un estudio sobre la situación de las estadísticas educativas, indicadores y sistemas de información para la administración en la región y lecciones a aprender de otras regiones
Saved in:
| Hovedforfatter: | |
|---|---|
| Format: | Bog |
| Sprog: | spansk |
| Udgivet: |
Washington, D.C
Banco Interamericano de Desarrollo
1998
|
| Serier: | Informe Técnico
|
| Fag: | |
| Tags: |
Tilføj Tag
Ingen Tags, Vær først til at tagge denne postø!
|
MARC
| LEADER | 00000nam a2200000 a 4500 | ||
|---|---|---|---|
| 001 | UCN7800 | ||
| 003 | CL-VaPUC | ||
| 008 | 011026e19980300US |||||||||||||||||spa|d | ||
| 082 | 0 | 4 | |a 370.021 |b MCM |2 21 |
| 100 | |a McMeekin, R. W. |e autor |9 529506 | ||
| 245 | 1 | 0 | |a Estadísticas educativas en América Latina y el caribe: informe de un estudio sobre la situación de las estadísticas educativas, indicadores y sistemas de información para la administración en la región y lecciones a aprender de otras regiones |
| 300 | |a 70 p | ||
| 942 | |c BK | ||
| 945 | |d 20011026 00:00:00 |a cmena | ||
| 260 | |a Washington, D.C |b Banco Interamericano de Desarrollo |c 1998 | ||
| 650 | 0 | |a Gestión de la información |9 362327 | |
| 650 | 0 | |a Estado y educación |9 311264 | |
| 650 | 0 | |a Planificación de la educación |9 307333 | |
| 650 | 0 | |a Estadísticas educacionales |9 331921 | |
| 651 | 0 | |a América Latina |9 255027 | |
| 583 | |a last modification |c 20140820 02:57:58 |k Rodrigo Vera | ||
| 490 | 0 | |a Informe Técnico | |
| 999 | |c 298000 |d 297998 | ||
| 952 | |0 0 |1 0 |4 0 |6 370_021000000000000_MCM_1998 |7 0 |8 P |9 353113 |a BIBEDU |b BIBEDU |c BIBEDU_PB |d 2019-11-21 |i 3758125 |o 370.021 MCM 1998 |p 3758125 |r 2024-01-25 |w 2019-11-21 |y BK |k BME | ||